|
|
|
|
| LEADER |
01359nam a22003017a 4500 |
| 001 |
mzk03001224116 |
| 003 |
CZ BrMZK |
| 005 |
20160126130624.0 |
| 007 |
ta |
| 008 |
090521s1733 xr fr|||||00| ||gerod |
| 040 |
|
|
|a BOA001
|b cze
|c BOA001
|
| 072 |
|
7 |
|a 094
|x Staré tisky
|2 Konspekt
|9 12
|
| 080 |
|
|
|a (0.068)094
|2 MRF
|
| 100 |
1 |
|
|a Stern, Vinzenz
|4 aut
|
| 245 |
1 |
0 |
|a Neu- und Alte Andachten, Zu grösserer Ehr Gottes, Auss Unterschiedlichen Alt- und Neuen Hand-Büchlen gezogen :
|b Zum Trost und Hülff Aller Tugend-ergebenen, auch Neuangehenden eyferigen Dienern und Dienerinnen Gottes, Zusammen geschrieben von dem ...
|n Theil 4.,
|p Letzte Hilff und eintziger Trost Aller Betrübten, So wohl In der äusserlichen, als innerlichen Verlassenheit, ... /
|c F.V.S.F.
|
| 246 |
3 |
0 |
|a Letzte Hilff und eintziger Trost Aller Betrübten, So wohl In der äusserlichen, als innerlichen Verlassenheit, ...
|
| 260 |
|
|
|a Eger :
|b J.A. Orwansky,
|c 1733
|
| 300 |
|
|
|a [1], 77, [1] s. ;
|c 8°
|
| 501 |
|
|
|a Přívazek 3 k 1. dílu téhož titulu
|
| 655 |
|
7 |
|a staré tisky
|7 fd422076
|2 czenas
|
| 903 |
|
|
|a RP
|
| 910 |
|
|
|a BOE452
|b Mn
|
| 978 |
|
|
|b Orwansky, Johann Augustin
|a Cheb
|c 1733
|
| 984 |
|
|
|a Cheb
|b Česko
|
| 985 |
|
|
|a 1701-1750
|
| 990 |
|
|
|a BK
|
| 991 |
|
|
|k minorite
|
| 994 |
|
|
|a UP
|l MZK03
|b 001224113
|m přívazek 3
|n záznam 1. díla (pro objednání pokračujte kliknutím)
|